000 00453nam a2200205Ia 4500
001 17555
003 GE_BSU
008 181216s||||||||xx |||||||||||||| ||und||
020 _a9782278058297
040 _cGE_BSU
080 _a94(44)
245 _aEdito. Methode de francais
260 _aParis
260 _c2006
300 _a224p.
300 _eკასეტით
541 _h10 Gel.
653 _aEdito. Methode de francais
942 _cBK
999 _c50605
_d50605